Statistics for Word Vocabulary - SWA

Click here to take the quiz!

General Stats

  • This quiz has been taken 138 times
    (123 since last reset)
  • The average score is 12 of 18

Answer Stats

word% Correct
swan
99%
swat
96%
swam
94%
swap
94%
swab
91%
swag
88%
sway
84%
swamp
75%
male admirer or loverswain
73%
swarm
63%
swatch
58%
move with a splashing soundswash
55%
flaunt ones wealthswank
54%
depression between ridgesswale
46%
swathe
46%
area of turfsward
33%
byproduct particles from machining workswarf
25%
tool for bending cold metalswage
22%

Score Distribution

Percentile by Number Answered

Percent of People with Each Score

Your Score History

You have not taken this quiz since the last reset